| 000 | 00535nam a2200205 i 4500 | ||
|---|---|---|---|
| 001 | 9445 | ||
| 003 | ES-MaACL | ||
| 005 | 20230906145655.0 | ||
| 007 | t| | ||
| 008 | 930908s1992 sp ||||1| spa d | ||
| 020 | _a84-86763-57-6 | ||
| 080 | _a396(38) | ||
| 100 | 1 |
_aGarcía Gual, Carlos. _954728 |
|
| 245 | 1 | 0 |
_aAudacias femeninas / _cCarlos García Gual. |
| 250 | _a[2a.ed.]. | ||
| 260 |
_aMadrid : _bNerea, _c1992. |
||
| 300 |
_a128 p. ; _c21 cm. |
||
| 650 | 4 |
_aMujeres- _zGrecia. _915288 |
|
| 852 |
_aES-MaACL _jL-16895 _bR.121419 |
||
| 999 |
_c9445 _d9445 |
||